A first course in algebraic topology / (Record no. 30166)

000 -LEADER
fixed length control field 00542 a2200169 4500
020 ## - INTERNATIONAL STANDARD BOOK NUMBER
International Standard Book Number 8173196354
020 ## - INTERNATIONAL STANDARD BOOK NUMBER
International Standard Book Number 9788173196355
082 ## - DEWEY DECIMAL CLASSIFICATION NUMBER
Classification number 514.2
090 ## - LOCALLY ASSIGNED LC-TYPE CALL NUMBER (OCLC); LOCAL CALL NUMBER (RLIN)
-- 1556
-- 1556
100 1# - MAIN ENTRY--PERSONAL NAME
Personal name Lahiri, B. K.
245 12 - TITLE STATEMENT
Title A first course in algebraic topology /
Statement of responsibility, etc. B. K. Lahiri.
250 ## - EDITION STATEMENT
Edition statement 2nd ed.
260 ## - PUBLICATION, DISTRIBUTION, ETC.
Place of publication, distribution, etc. [S.l.] :
Name of publisher, distributor, etc. Alpha Science Intl Ltd,
Date of publication, distribution, etc. 2005.
300 ## - PHYSICAL DESCRIPTION
Extent 130 p. ;
Dimensions 25 cm.
942 ## - ADDED ENTRY ELEMENTS (KOHA)
Institution code [OBSOLETE] SNS
Koha item type Book
Call number prefix 514.2 LAH
Holdings
Withdrawn status Lost status Damaged status Not for loan Permanent Location Current Location Date acquired Total Checkouts Full call number Barcode Date last seen Price effective from Koha item type
        School of Natural Sciences (SNS) School of Natural Sciences (SNS) 05/26/2016   514.2 LAH SNS0000695 11/22/2022 05/26/2016 Book
© 2023 Central Library, National University of Sciences and Technology. All Rights Reserved.